000 00734nam a22002177a 4500
003 UA-OsUOA
001 122781
007 ta
008 20170522b un ||||| |||| 00| 0 ukr d
100 _aКапсамун І.
090 _a908
_bК20
942 _cSA
040 _aUA-OsUOA
_bukr
_cUA-OsUOA
_dUA-OsUOA
245 _aОстрозький клуб="Ostroh Forum". Вперше в Україні за пропозицією Острозької академії може бути відкрита нова спеціальність "Національна безпека"
300 _aС.8-9
955 _a0
041 _aukr
080 _a908
773 0 _w122780
650 7 _a908 Краєзнавство
_2UDC
999 _c409436
_d409436